Normal view
MARC view
- PHYSICS PROBLEMS, EXERCISES ETC; PHYSICS
Entry Topical Term
001 - CONTROL NUMBER
- control field: 63022
003 - CONTROL NUMBER IDENTIFIER
- control field: NUST
005 - DATE AND TIME OF LATEST TRANSACTION
- control field: 20210628203040.0
008 - FIXED-LENGTH DATA ELEMENTS
- fixed length control field: 210628|| aca||aabn | a|a d
040 ## - CATALOGING SOURCE
- Original cataloging agency: NUST
- Transcribing agency: NUST
150 ## - HEADING--TOPICAL TERM
- Topical term or geographic name entry element: PHYSICS PROBLEMS, EXERCISES ETC; PHYSICS
670 ## - SOURCE DATA FOUND
- Source citation: Work cat.: (NUST): Browne, Michael.E 63021, Theory and problems of physics for engineering for science, 1998
